| 000 | 01229nam a22002177a 4500 | ||
|---|---|---|---|
| 003 | BD-DhUL | ||
| 005 | 20240321114010.0 | ||
| 008 | 240321s2024 bg b|||| b||| 00| 0 ben d | ||
| 040 |
_aBD-DhUL _cBD-DhUL |
||
| 082 |
_a954.925 _bAKS |
||
| 100 | 1 | 0 | _aআক্তার, সুরাইয়া |
| 245 |
_aসুন্দরবনের ইতিহাস : _bপরিবেশ, জনজীবন ও রাজনৈতিক-অর্থনীতি / _cসুরাইয়া আক্তার _hঅভিসন্দর্ভ [এম.ফিল] |
||
| 260 |
_aঢাকা : _bঢাকা বিশ্ববিদ্যালয়, _c২০২৪ । |
||
| 300 |
_axxix, ৩৩৪ পৃ. : _bরঙ্গিন চিত্র, রঙ্গিন মানচিত্র ; _c ৩০ সেমি |
||
| 504 | _aঅভিসন্দর্ভ --[এম.ফিল]- -ইতিহাস বিভাগ, ঢাকা বিশ্ববিদ্যালয়, ২০২৪ গ্রন্থপঞ্জিগত তথ্য সংবলিত | ||
| 650 | _aইকোলজি | ||
| 650 | _aEcology | ||
| 651 |
_aসুন্দরবন _xইতিহাস |
||
| 651 |
_aSundarbans _xHistory |
||
| 942 |
_2ddc _cREF |
||
| 999 |
_c259168 _d259168 |
||